header

Gerard Manley Hopkins (Record no. 93278)

MARC details
000 -LEADER
fixed length control field 01396nam a2200313 a 4500
100 1# - MAIN ENTRY--AUTHOR NAME
Personal name Gilroy, John.
245 10 - TITLE STATEMENT
Title Gerard Manley Hopkins
260 ## - PUBLICATION, DISTRIBUTION, ETC. (IMPRINT)
Place of publication Tirril [England] ;
-- Penrith, Calif. :
Name of publisher Humanities-Ebooks,
Year of publication 2007.
300 ## - PHYSICAL DESCRIPTION
Number of Pages 94 p.
490 0# - SERIES STATEMENT
Series statement Literature insights
505 0# - FORMATTED CONTENTS NOTE
Formatted contents note pt. 1. Life and times -- pt. 2. Strategies -- pt. 3. Reading Hopkins -- pt. 4. Reception -- pt. 5. Bibliography.
650 #0 - SUBJECT ADDED ENTRY--TOPICAL TERM
Topical Term English poetry
856 40 - ELECTRONIC LOCATION AND ACCESS
Uniform Resource Identifier http://site.ebrary.com/lib/rucke/Doc?id=10567287

No items available.

© 2026 Rongo University
Contact us: librarian | system librarian | Rongo university